000 00290nam a22001097a 4500
082 _a004/CHH
100 _aChhibbar,Ashish
_983924
245 _aNavigating The Indian Cyberspace Maze Guide for Policymakers
260 _aNew Delhi
_bKW Publishers
_c2020
650 _aComputer
942 _cBK
999 _c68932
_d68932